Patrones de crecimiento y políticas tecnológicas en el siglo XX (Registro nro. 29393)

Detalles MARC
000 -LEADER
fixed length control field 00386 a2200109 4500
001 - CONTROL NUMBER
control field ART_26489
005 - DATE AND TIME OF LATEST TRANSACTION
control field 20260410161940.0
008 - FIXED-LENGTH DATA ELEMENTS--GENERAL INFORMATION
fixed length control field 260409a
100 1# - MAIN ENTRY--PERSONAL NAME
Personal name Nochteff, Hugo J.
245 10 - TITLE STATEMENT
Title Patrones de crecimiento y políticas tecnológicas en el siglo XX
773 0# - HOST ITEM ENTRY
Title Ciclos en la historia, la economía y la sociedad
Related parts - Vol. IV, Nº 6 (ene./jun. 1994)
Record control number REV26321

No hay ítems disponibles.